000 00746nam a22002657a 4500
001 BR6010673
003 BR-BrBNA
005 20230928083338.0
007 ta
008 230509b bl.||||| |||| 00| 0 por d
040 _aBR-BrBNA
_bpor
_cBiblioteca Nacional de Agricultura
041 _a(Eng)
072 _aB10
_b2120
_b/G514
090 _ 2120 BR6010673
100 1 _aUkers, W.H.
110 1 _aInstituto Brasileiro do Cafe, Rio de Janeiro, RJ (Brasil)
_95880
245 1 _aA trip to Brazil [geografia economica, cafe, Sao Paulo]
260 3 _aRio de Janeiro, RJ (Brasil):
_c[nd].
300 _a39 p.
650 _aGEOGRAFIA ECONOMICA
650 _aCAFE
650 _aSAO PAULO
909 _a202309
_bLucia
_c55
_dLucia Elande
942 _cBK
999 _c12929
_d12929